| 000 | 01606nam a2200385Ia 4500 | ||
|---|---|---|---|
| 001 | ebr10051236 | ||
| 003 | CaPaEBR | ||
| 006 | m u | ||
| 007 | cr cn||||||||| | ||
| 008 | 990325s1999 nyua sb 001 0 eng d | ||
| 010 | _z 99026885 | ||
| 020 | _z0824719913 (alk. paper) | ||
| 040 |
_aCaPaEBR _cCaPaEBR |
||
| 035 | _a(OCoLC)45730618 | ||
| 050 | 1 | 4 |
_aRC682 _b.C3635 1999eb |
| 082 | 0 | 4 |
_a616.1 _221 |
| 100 | 1 | _aCaplan, Louis R. | |
| 245 | 1 | 0 |
_aClinical neurocardiology _h[electronic resource] / _cLouis R. Caplan, J. Willis Hurst, Marc I. Chimowitz. |
| 260 |
_aNew York : _bMarcel Dekker, _cc1999. |
||
| 300 |
_aix, 498 p. : _bill. |
||
| 490 | 1 |
_aFundamental and clinical cardiology ; _vv. 37 |
|
| 504 | _aIncludes bibliographical references and index. | ||
| 533 |
_aElectronic reproduction. _bPalo Alto, Calif. : _cebrary, _d2013. _nAvailable via World Wide Web. _nAccess may be limited to ebrary affiliated libraries. |
||
| 650 | 0 |
_aCardiovascular system _xDiseases _xComplications. |
|
| 650 | 0 | _aCardiological manifestations of general diseases. | |
| 650 | 0 | _aNeurologic manifestations of general diseases. | |
| 650 | 0 |
_aCardiovascular system _xInnervation. |
|
| 650 | 0 |
_aCardiovascular agents _xSide effects. |
|
| 655 | 7 |
_aElectronic books. _2local |
|
| 700 | 1 |
_aHurst, J. Willis _q(John Willis), _d1920-2011. |
|
| 700 | 1 |
_aChimowitz, Marc I., _d1955- |
|
| 710 | 2 | _aebrary, Inc. | |
| 830 | 0 |
_aFundamental and clinical cardiology ; _vv. 37. |
|
| 856 | 4 | 0 |
_uhttp://site.ebrary.com/lib/rucke/Doc?id=10051236 _zAn electronic book accessible through the World Wide Web; click to view |
| 999 |
_c76035 _d76035 |
||